00569nam a2200193Ia 4500008004100000020001800041050001400059100002200073245002700095245004100122260001500163260001600178260000900194300001400203300002600217300001000243999001900253952010300272180207s9999 xx 000 0 und d a9780545830218 bF853 2011 aFreedman, Claire. aBedtime little ones! / cby Claire Freedman and Gail Yerrill. aNew York : bScholastic, c2011 aunpaged : bcolor illustrations ; c23cm. c355841d355841 001040aSSISMbSSISMd2018-02-07l0oER F853 2011pSSISM5386r2018-02-07 00:00:00w2018-02-07yBK